• 首页
  • 本馆介绍
  • 公告通知
  • 最新文献
  • 馆藏检索
  • 电子资源
  • 读者导购
  • 参考咨询
  • 我的图书馆
  • 登录
  • 详细信息显示
  • 放入我的书架
  • 预约/预借图书
  • 作者相关作品
  • 分类相关作品
  • 丛书相关作品
  • 出版社相关作品

书目信息

  • 表格格式
  • 工作单格式
  • 卡片格式
题名:
一座城的文化史记
    
 
作者: 李旭 著
分册:  
出版信息: 北京   人民日报出版社  2017
页数: 280页
开本: 24cm
丛书名: 人民日报学术文库
单 册:
中图分类: K295.33
科图分类:
主题词: 地方文化--文化史--江苏省--徐州市
电子资源:
ISBN: 978-7-5115-3860-4
000 01078oam2 2200277 45
001 012001005165
005 20141007175455.0
010    @a978-7-5115-3860-4@b精装@dCNY68.00
100    @a20171222d2017 em y0chiy50 ea
101 0  @achi
102    @aCN@b110000
105    @ay z 000yy
106    @ar
200 1  @a一座城的文化史记@9yi zuo cheng de wen hua shi ji@e发现徐州@f李旭著
210    @a北京@c人民日报出版社@d2017
215    @a280页@d24cm
225 1  @a人民日报学术文库
314    @a李旭,笔名泥马度,70后,2005年加入中国作家协会。现为徐州市文联专业作家,著有《烧烤水浒》《红楼梦的秘密》等专著。
330    @a本书为地方历史文化研究专著,作者围绕“四战之地”、五省通衢的徐州,运用文化散文形式谈地域文化,叙议融为一体,对徐州文化的源头进行深入挖掘、探究,以独出心裁的结构布局,勾勒出中国历史文化名城徐州的文化线条。
461  0 @12001 @a人民日报学术文库
517 1  @a发现徐州@9fa xian xu zhou
606 0  @a地方文化@x文化史@y江苏省@y徐州市
690    @aK295.33@v5
701  0 @a李旭@9li xu@4著
801  0 @aCN@b上海新华@c20180901
905    @b1172948-52@dK295.33@e402@f5
    
    一座城的文化史记:发现徐州/李旭著.-北京:人民日报出版社,2017
    280页;24cm.-(人民日报学术文库)
    
    
    ISBN 978-7-5115-3860-4(精装):CNY68.00
    本书为地方历史文化研究专著,作者围绕“四战之地”、五省通衢的徐州,运用文化散文形式谈地域文化,叙议融为一体,对徐州文化的源头进行深入挖掘、探究,以独出心裁的结构布局,勾勒出中国历史文化名城徐州的文化线条。
●
相关链接 在E读中查询图书 在五车中查询图书 在当当中查询图书 在豆瓣中查询图书


正题名:一座城的文化史记     索取号:K295.33/402         预约/预借

序号 登录号 条形码 馆藏地/架位号 状态 备注
1 1172948   211729487   第二样本阅览室/ [索取号:K295.33/402] 在馆    
2 1172949   211729496   第二借阅区/ [索取号:K295.33/402] 在馆    
3 1172950   211729502   第二借阅区/ [索取号:K295.33/402] 在馆    
4 1172951   211729511   第二借阅区/ [索取号:K295.33/402] 在馆    
5 1172952   211729520   密集书库-史法系/ [索取号:K295.33/402] 在馆    
唐山师范学院图书馆 欢迎您!
大连网信软件有限公司© 版权所有